000 00265nam a2200109Ia 4500
008 190216s9999||||xx |||||||||||||| ||und||
100 _aYousuf Ali Kecheri
245 0 _aMalayalam-Sainaba
260 _bMangalodhayam Publications
650 _aMalayalam
942 _cBK
999 _c24031
_d24031